000 01022 a2200229 4500
001 53083
005 20260407155804.0
008 260407a1973 arg spa d
003 AR-UNSa-BCEJYS
040 _aAR-UNSa-BCEJYS
_bspa
_cAR-UNSa-BCEJYS
080 _a330.1
_xCiencia económica. Conceptos fundamentales de teoría económica. Valor. Capital. Fondos
245 1 0 _aLa economía política de la nueva izquierda
_puna opinión ajena
020 _a84-206-1435-1
264 1 _aMadrid :
_bAlianza Editorial
_c1973
300 _a152 p.
_c18 cm.
505 _aParte I: La crítica de la Nueva Izquierda contra la teoría económica tradicional - Parte II: La crítica de la Nueva Izquierda contra la teoría económica actual - Parte II: ¿Adónde lleva la teoría económica de la Nueva izquierda?
041 _aspa
942 _cBK
590 _aniveau_biblio:m niveau_hierar:0
100 1 _aLindbeck, Assar
856 4 1 _uhttps://www.biblioeco.unsa.edu.ar/pmb/images/libros/L128435.jpg
_yImagen de portada
_qimage/jpeg
999 _c5070
_d5070